| 000 | 00853cam a2200229Mi 4500 | ||
|---|---|---|---|
| 005 | 20180129140341.0 | ||
| 008 | 130204s2012 sp ad frn 001 0 spa d | ||
| 020 | _a9788490292396 | ||
| 040 |
_aCo-BoUCM _bspa _c[Nuevo] _dDiana Londoño |
||
| 041 | 0 | _aspa | |
| 100 | 1 |
_aMarquina-Arenas, Julián _956352 |
|
| 245 | 1 | 0 |
_aPlan social media y community manager _cJulián Marquina-Arenas |
| 260 |
_aBarcelona (España) _bUOC _c2012 _g2013 |
||
| 300 |
_a136 páginas _bilustraciones y gráficas |
||
| 490 | 0 |
_aEl profesional de la información _v12 |
|
| 504 | _aIncluye referencias bibliográficas e índices | ||
| 650 | 7 |
_aMedios de comunicación de masas _xInnovaciones tecnológicas _933581 |
|
| 650 | 7 |
_aRedes sociales _923250 |
|
| 690 |
_aSociología _9386 |
||
| 942 |
_a5 _cLIBRO _e1 _mM357 _2DEWEY _h303.4834 |
||
| 999 |
_c184153 _d184153 |
||